| 000 | 00673pam a2200217 a 4500 | ||
|---|---|---|---|
| 001 | 4801531 | ||
| 005 | 20180215050555.0 | ||
| 008 | 880525s1989 txua b s001 0 eng | ||
| 010 | _a 88016082 | ||
| 020 |
_a0890963258 (alk. paper) : _c$48.50 |
||
| 040 |
_aDLC _cDLC _dDLC |
||
| 041 | _aeng | ||
| 080 | _a302.13 jam | ||
| 082 | 0 | 0 |
_a302.13 jam _219 |
| 100 | 1 | _a52 | |
| 101 | _aeco | ||
| 245 | 1 | 0 |
_aExplorations into constitutional economics / _cJames M. Buchanan ; compiled and with a preface by Robert D. Tollison and Viktor J. Vanberg. |
| 504 | _aIncludes bibliographices and index. | ||
| 906 |
_a7 _bcbc _corignew _d1 _eocip _f19 _gy-gencatlg |
||
| 942 |
_2ddc _cBK |
||
| 999 |
_c42628 _d42628 |
||